[Event "Irwin/Haring/Denker/Barber/Rockefeller Championships 2021"]
[Site "Crowne Plaza Cherry Hill, United States"]
[Date "2021.07.31"]
[Round "1.1"]
[White "Cotreau, Kevin"]
[Black "Root, Douglas"]
[Result "0-1"]
[TimeControl "G/90;+30"]
[BlackTitle "IM"]
[WhiteElo "2132"]
[BlackElo "2556"]

1. d4 {[%clk 01:30:57]} Nf6 {[%clk 01:30:50]} 2. c4 {[%clk 01:31:20]} g6 {[%clk
01:31:15]} 3. Nc3 {[%clk 01:31:42]} Bg7 {[%clk 01:31:40]} 4. e4 {[%clk
01:32:05]} d6 {[%clk 01:32:06]} 5. f3 {[%clk 01:32:29]} {[%emt 00:00:06]} O-O
{[%clk 01:32:29]} {[%emt 00:00:05]} 6. Be3 {[%clk 01:32:57]} c5 {[%clk
01:32:52]} {[%emt 00:00:09]} 7. d5 {[%clk 01:22:23]} {[%emt 00:10:57]} e6
{[%clk 01:33:10]} {[%emt 00:00:23]} 8. Bd3 {[%clk 01:22:29]} {[%emt 00:00:21]}
exd5 {[%clk 01:33:26]} {[%emt 00:00:44]} 9. cxd5 {[%clk 01:22:37]} a6 {[%clk
01:33:20]} {[%emt 00:00:21]} 10. a4 {[%clk 01:22:49]} {[%emt 00:00:34]} Nbd7
{[%clk 01:33:36]} 11. Nge2 {[%clk 01:19:27]} {[%emt 00:03:55]} Ne5 {[%clk
01:33:54]} {[%emt 00:00:06]} 12. O-O {[%clk 01:19:22]} {[%emt 00:00:41]} Rb8
{[%clk 01:33:57]} {[%emt 00:00:21]} 13. h3 {[%clk 01:12:06]} {[%emt 00:08:05]}
Ne8 {[%clk 01:27:07]} {[%emt 00:07:28]} 14. f4 {[%clk 01:09:54]} {[%emt
00:03:01]} Nxd3 {[%clk 01:27:21]} 15. Qxd3 {[%clk 01:10:22]} b5 {[%clk
01:23:01]} {[%emt 00:04:36]} 16. axb5 {[%clk 01:09:35]} {[%emt 00:01:08]} axb5
{[%clk 01:23:25]} {[%emt 00:00:08]} 17. Nxb5 {[%clk 01:01:25]} {[%emt
00:08:33]} Bd7 {[%clk 01:19:00]} {[%emt 00:04:55]} 18. Nxd6 {[%clk 00:47:28]}
{[%emt 00:14:52]} Nxd6 {[%clk 01:19:13]} {[%emt 00:00:05]} 19. Bxc5 {[%clk
00:47:50]} Bb5 {[%clk 01:19:26]} {[%emt 00:00:47]} 20. Qf3 {[%clk 00:41:45]}
{[%emt 00:05:59]} Re8 {[%clk 01:08:24]} {[%emt 00:11:51]} 21. e5 {[%clk
00:38:26]} {[%emt 00:03:43]} Nf5 {[%clk 01:08:17]} {[%emt 00:00:24]} 22. Rfd1
{[%clk 00:38:12]} {[%emt 00:01:32]} Bf8 {[%clk 01:03:15]} {[%emt 00:05:02]} 23.
Bf2 {[%clk 00:36:32]} {[%emt 00:01:52]} Bxe2 {[%clk 00:53:31]} {[%emt
00:10:53]} 24. Qxe2 {[%clk 00:36:52]} h5 {[%clk 00:53:18]} {[%emt 00:00:17]} 25.
Kh2 {[%clk 00:30:50]} {[%emt 00:06:29]} f6 {[%clk 00:51:27]} {[%emt 00:02:40]}
26. g4 {[%clk 00:29:16]} {[%emt 00:01:58]} hxg4 {[%clk 00:49:57]} {[%emt
00:01:59]} 27. Qxg4 {[%clk 00:25:04]} {[%emt 00:04:47]} Rxb2 {[%clk 00:47:35]}
{[%emt 00:02:40]} 28. Qxg6+ {[%clk 00:25:06]} {[%emt 00:00:21]} Bg7 {[%clk
00:47:11]} {[%emt 00:00:53]} 29. Kg1 {[%clk 00:21:50]} {[%emt 00:04:03]} Ne7
{[%clk 00:45:56]} {[%emt 00:01:29]} 30. Qe4 {[%clk 00:20:16]} {[%emt 00:02:36]}
fxe5 {[%clk 00:39:17]} {[%emt 00:06:35]} 31. fxe5 {[%clk 00:20:29]} {[%emt
00:00:26]} Nc8 {[%clk 00:39:29]} {[%emt 00:00:11]} 32. Qg4 {[%clk 00:17:57]}
{[%emt 00:03:00]} Rxe5 {[%clk 00:39:10]} {[%emt 00:01:03]} 33. Bh4 {[%clk
00:14:17]} {[%emt 00:03:54]} Ne7 {[%clk 00:30:13]} {[%emt 00:10:33]} 34. d6
{[%clk 00:12:07]} {[%emt 00:01:53]} Qb6+ {[%clk 00:29:03]} {[%emt 00:01:28]} 35.
Kh1 {[%clk 00:12:17]} {[%emt 00:00:15]} Qc6+ {[%clk 00:28:43]} {[%emt
00:01:01]} 36. Kg1 {[%clk 00:12:26]} {[%emt 00:00:17]} Ree2 {[%clk 00:26:44]}
{[%emt 00:02:24]} 37. Ra8+ {[%clk 00:11:07]} {[%emt 00:01:45]} Qxa8 {[%clk
00:26:47]} {[%emt 00:00:32]} 38. Qc4+ {[%clk 00:11:26]} {[%emt 00:00:14]} Kh8
{[%clk 00:26:56]} {[%emt 00:00:39]} 39. dxe7 {[%clk 00:11:27]} {[%emt
00:00:07]} Qg2# {[%emt 00:00:08]} 0-1

[Event "Irwin/Haring/Denker/Barber/Rockefeller Championships 2021"]
[Site "Crowne Plaza Cherry Hill, United States"]
[Date "2021.07.31"]
[Round "1.2"]
[White "Finegold, Benjamin"]
[Black "Sage, Timothy"]
[Result "1-0"]
[TimeControl "G/90;+30"]
[WhiteTitle "GM"]
[WhiteElo "2538"]
[BlackElo "2125"]

1. d4 {[%clk 01:30:54]} Nf6 {[%clk 01:30:49]} {[%emt 00:00:42]} 2. c4 {[%clk
01:31:14]} e6 {[%clk 01:30:43]} {[%emt 00:00:25]} 3. Nc3 {[%clk 01:31:37]} Bb4
{[%clk 01:30:41]} {[%emt 00:00:59]} 4. Qc2 {[%clk 01:31:57]} c5 {[%clk
01:30:47]} {[%emt 00:00:27]} 5. dxc5 {[%clk 01:32:19]} O-O {[%clk 01:30:57]} 6.
Nf3 {[%clk 01:29:07]} {[%emt 00:03:41]} Na6 {[%clk 01:29:34]} {[%emt 00:02:31]}
7. Bd2 {[%clk 01:27:01]} {[%emt 00:02:06]} Nxc5 {[%clk 01:27:59]} {[%emt
00:01:57]} 8. a3 {[%clk 01:26:41]} {[%emt 00:01:04]} Bxc3 {[%clk 01:27:32]}
{[%emt 00:01:08]} 9. Bxc3 {[%clk 01:26:57]} {[%emt 00:00:08]} d6 {[%clk
01:20:32]} {[%emt 00:07:13]} 10. b4 {[%clk 01:12:35]} {[%emt 00:15:36]} Nce4
{[%clk 01:18:01]} {[%emt 00:02:17]} 11. Bb2 {[%clk 01:12:15]} {[%emt 00:01:07]}
a5 {[%clk 01:13:58]} {[%emt 00:04:16]} 12. e3 {[%clk 01:09:10]} {[%emt
00:04:12]} axb4 {[%clk 01:09:08]} {[%emt 00:04:42]} 13. axb4 {[%clk 01:09:24]}
{[%emt 00:00:19]} Rxa1+ {[%clk 01:09:31]} {[%emt 00:00:40]} 14. Bxa1 {[%clk
01:09:48]} Qb6 {[%clk 01:09:07]} {[%emt 00:00:25]} 15. Qb2 {[%clk 00:56:22]}
{[%emt 00:14:35]} e5 {[%clk 00:51:24]} {[%emt 00:17:33]} 16. Bd3 {[%clk
00:56:11]} {[%emt 00:01:06]} Be6 {[%clk 00:42:59]} {[%emt 00:08:30]} 17. O-O
{[%clk 00:53:43]} {[%emt 00:03:20]} Rc8 {[%clk 00:39:09]} {[%emt 00:04:01]} 18.
Rc1 {[%clk 00:48:46]} {[%emt 00:05:23]} h6 {[%clk 00:37:23]} {[%emt 00:02:17]}
19. c5 {[%clk 00:46:09]} {[%emt 00:03:25]} Qc6 {[%clk 00:20:43]} {[%emt
00:16:51]} 20. Rf1 {[%clk 00:27:09]} {[%emt 00:20:04]} Qd5 {[%clk 00:13:23]}
{[%emt 00:07:17]} 21. Be2 {[%clk 00:23:07]} {[%emt 00:04:44]} dxc5 {[%clk
00:08:55]} {[%emt 00:04:44]} 22. bxc5 {[%clk 00:23:03]} {[%emt 00:00:46]} Rxc5
{[%clk 00:05:04]} {[%emt 00:04:18]} 23. Nxe5 {[%clk 00:14:37]} {[%emt
00:08:46]} Nc3 {[%clk 00:01:37]} {[%emt 00:04:29]} 24. Nd3 {[%clk 00:12:41]}
{[%emt 00:02:11]} Rc7 {[%clk 00:01:49]} {[%emt 00:00:06]} 25. Nf4 {[%clk
00:11:15]} {[%emt 00:02:03]} Qa2 {[%clk 00:01:37]} {[%emt 00:00:39]} 26. Bf3
{[%clk 00:08:52]} {[%emt 00:02:46]} Qxb2 {[%clk 00:01:06]} {[%emt 00:01:02]} 27.
Bxb2 {[%clk 00:09:14]} {[%emt 00:00:08]} Bb3 {[%clk 00:01:33]} {[%emt
00:00:10]} 28. Rc1 {[%clk 00:07:20]} {[%emt 00:02:16]} Nfd5 {[%clk 00:01:31]}
{[%emt 00:00:49]} 29. Nxd5 {[%clk 00:05:28]} {[%emt 00:02:04]} Nxd5 {[%clk
00:01:58]} {[%emt 00:00:39]} 30. Rxc7 {[%clk 00:05:45]} {[%emt 00:00:15]} Nxc7
{[%clk 00:02:26]} 31. Bxb7 {[%clk 00:05:57]} Bd5 {[%clk 00:02:42]} 32. Bxd5
{[%clk 00:05:41]} {[%emt 00:00:50]} Nxd5 {[%clk 00:03:10]} {[%emt 00:00:06]} 33.
e4 {[%clk 00:05:42]} {[%emt 00:00:39]} Nf4 {[%clk 00:02:38]} {[%emt 00:00:40]}
34. g3 {[%clk 00:05:33]} {[%emt 00:01:17]} Nd3 {[%clk 00:02:57]} 35. Ba3 {[%clk
00:04:10]} {[%emt 00:01:58]} Ne5 {[%clk 00:02:38]} {[%emt 00:00:28]} 36. Kg2
{[%clk 00:04:04]} {[%emt 00:00:47]} f6 {[%clk 00:02:01]} {[%emt 00:00:45]} 37.
Bd6 {[%clk 00:04:02]} {[%emt 00:00:38]} Nc6 {[%clk 00:01:49]} {[%emt 00:00:40]}
38. f4 {[%clk 00:03:40]} {[%emt 00:01:05]} Kf7 {[%clk 00:02:02]} {[%emt
00:00:04]} 39. Kf3 {[%clk 00:03:52]} {[%emt 00:00:40]} h5 {[%clk 00:02:14]} 40.
Ke3 {[%clk 00:03:46]} {[%emt 00:00:52]} Ke6 {[%clk 00:02:24]} {[%emt 00:00:10]}
41. Bf8 {[%clk 00:04:04]} g6 {[%clk 00:02:30]} {[%emt 00:00:22]} 42. Bc5 {[%clk
00:02:39]} {[%emt 00:02:04]} Na5 {[%clk 00:02:16]} {[%emt 00:01:02]} 43. Bb4
{[%clk 00:02:24]} {[%emt 00:00:19]} Nc6 {[%clk 00:02:38]} {[%emt 00:00:10]} 44.
Bc3 {[%clk 00:02:46]} {[%emt 00:00:21]} Ne7 {[%clk 00:02:41]} {[%emt 00:00:11]}
45. Kf3 {[%clk 00:02:21]} {[%emt 00:00:55]} Nc6 {[%clk 00:02:59]} {[%emt
00:00:49]} 46. g4 {[%clk 00:02:35]} hxg4+ {[%clk 00:02:40]} {[%emt 00:00:28]}
47. Kxg4 {[%clk 00:02:58]} {[%emt 00:00:11]} Ne7 {[%clk 00:02:59]} {[%emt
00:00:24]} 48. h4 {[%clk 00:01:40]} {[%emt 00:01:31]} Kf7 {[%clk 00:02:25]}
{[%emt 00:01:04]} 49. f5 {[%clk 00:01:03]} {[%emt 00:01:07]} Ng8 {[%clk
00:01:42]} {[%emt 00:01:12]} 50. Bd2 {[%clk 00:00:48]} {[%emt 00:01:09]} Ne7
{[%clk 00:02:01]} 51. Bc1 {[%clk 00:01:08]} Nc6 {[%clk 00:02:21]} {[%emt
00:00:32]} 52. fxg6+ {[%clk 00:00:58]} {[%emt 00:00:15]} Kxg6 {[%clk 00:02:50]}
{[%emt 00:00:12]} 53. h5+ {[%clk 00:01:15]} {[%emt 00:00:08]} Kf7 {[%clk
00:03:10]} {[%emt 00:00:18]} 54. Bf4 {[%clk 00:01:17]} {[%emt 00:00:13]} Ne7
{[%clk 00:02:38]} {[%emt 00:01:36]} 55. Bd6 {[%clk 00:01:16]} Ng8 {[%clk
00:03:02]} {[%emt 00:00:29]} 56. Kf4 {[%clk 00:01:13]} {[%emt 00:00:08]} Ke6
{[%clk 00:02:46]} {[%emt 00:00:45]} 57. Ba3 {[%clk 00:01:29]} {[%emt 00:00:58]}
Kf7 {[%clk 00:03:02]} 58. Bb4 {[%clk 00:01:43]} Nh6 {[%clk 00:03:23]} {[%emt
00:00:04]} 59. Bd2 {[%clk 00:01:42]} {[%emt 00:01:02]} Ng8 {[%clk 00:03:37]} 60.
Ke3 {[%clk 00:01:24]} {[%emt 00:00:57]} Ne7 {[%clk 00:03:06]} {[%emt 00:00:31]}
61. Kd4 {[%clk 00:01:13]} {[%emt 00:00:51]} Nc6+ {[%clk 00:02:57]} {[%emt
00:00:52]} 62. Kd5 {[%clk 00:01:16]} {[%emt 00:00:03]} Ne5 {[%clk 00:03:18]}
{[%emt 00:00:05]} 63. Bf4 {[%clk 00:01:20]} {[%emt 00:00:36]} Nd7 {[%clk
00:02:35]} {[%emt 00:01:07]} 64. Kd6 {[%clk 00:01:10]} {[%emt 00:00:40]} Nf8
{[%clk 00:03:03]} {[%emt 00:00:03]} 65. Bc1 {[%clk 00:00:52]} {[%emt 00:01:22]}
Ne6 {[%clk 00:03:02]} {[%emt 00:00:08]} 66. Be3 {[%clk 00:00:54]} {[%emt
00:00:16]} Nf8 {[%clk 00:03:08]} {[%emt 00:00:23]} 67. Bd4 {[%clk 00:00:44]}
{[%emt 00:00:38]} Ne6 {[%clk 00:02:27]} {[%emt 00:01:21]} 68. Bb2 {[%clk
00:00:42]} {[%emt 00:00:23]} Ng5 {[%clk 00:02:16]} {[%emt 00:01:09]} 69. Kd5
{[%clk 00:00:59]} Ne6 {[%clk 00:02:19]} {[%emt 00:00:22]} 70. Bc1 {[%clk
00:01:07]} {[%emt 00:00:30]} Nf8 {[%clk 00:02:40]} 71. Bh6 {[%clk 00:01:01]}
{[%emt 00:00:29]} Nd7 {[%clk 00:02:42]} {[%emt 00:00:25]} 72. Kd6 {[%clk
00:01:17]} {[%emt 00:00:41]} Ne5 {[%clk 00:01:58]} {[%emt 00:00:47]} 73. Bf4
{[%clk 00:01:32]} {[%emt 00:00:25]} Nf3 {[%clk 00:01:26]} {[%emt 00:00:52]} 74.
Kd5 {[%clk 00:01:38]} {[%emt 00:00:50]} Nh4 {[%clk 00:01:07]} {[%emt 00:00:52]}
75. Kd4 {[%clk 00:01:20]} {[%emt 00:00:22]} Ke6 {[%clk 00:01:14]} {[%emt
00:00:45]} 76. Kd3 {[%clk 00:00:37]} {[%emt 00:01:20]} Kf7 {[%clk 00:00:54]}
{[%emt 00:00:34]} 77. Ke2 {[%clk 00:00:47]} {[%emt 00:00:07]} Ng2 {[%clk
00:00:45]} {[%emt 00:00:36]} 78. Bg3 {[%clk 00:00:42]} {[%emt 00:00:44]} f5
{[%clk 00:00:34]} {[%emt 00:00:32]} 79. Kf3 {[%clk 00:00:43]} {[%emt 00:00:29]}
fxe4+ {[%clk 00:00:39]} {[%emt 00:00:37]} 80. Kxg2 {[%clk 00:01:05]} {[%emt
00:00:04]} Kg7 {[%clk 00:00:58]} {[%emt 00:00:06]} 81. Bf4 {[%clk 00:01:29]}
{[%emt 00:00:21]} 1-0

[Event "Irwin/Haring/Denker/Barber/Rockefeller Championships 2021"]
[Site "Crowne Plaza Cherry Hill, United States"]
[Date "2021.07.31"]
[Round "1.3"]
[White "Moussa, Alaa-Addin"]
[Black "Khmelnitsky, Igor"]
[Result "0-1"]
[TimeControl "G/90;+30"]
[WhiteTitle "CM"]
[BlackTitle "IM"]
[WhiteElo "2105"]
[BlackElo "2488"]

1. d4 {[%clk 01:30:55]} {[%emt 00:00:55]} Nf6 {[%clk 01:30:24]} 2. c4 {[%clk
01:31:14]} c5 {[%clk 01:30:29]} {[%emt 00:00:29]} 3. Nf3 {[%clk 01:30:19]}
{[%emt 00:01:17]} cxd4 {[%clk 01:30:16]} {[%emt 00:00:44]} 4. Nxd4 {[%clk
01:30:37]} {[%emt 00:00:22]} e5 {[%clk 01:30:04]} {[%emt 00:00:32]} 5. Nb5
{[%clk 01:28:12]} {[%emt 00:03:05]} d5 {[%clk 01:29:41]} {[%emt 00:01:13]} 6.
cxd5 {[%clk 01:26:50]} {[%emt 00:01:58]} Bc5 {[%clk 01:29:42]} 7. e3 {[%clk
01:21:56]} {[%emt 00:05:17]} O-O {[%clk 01:27:58]} {[%emt 00:02:47]} 8. N1c3
{[%clk 01:20:05]} {[%emt 00:02:30]} a6 {[%clk 01:25:10]} {[%emt 00:02:38]} 9.
Na3 {[%clk 01:18:38]} {[%emt 00:01:57]} b5 {[%clk 01:25:05]} {[%emt 00:00:33]}
10. Nc2 {[%clk 01:17:02]} {[%emt 00:02:08]} Bf5 {[%clk 01:20:08]} {[%emt
00:05:32]} 11. Bd3 {[%clk 01:06:31]} {[%emt 00:10:52]} e4 {[%clk 01:07:42]}
{[%emt 00:13:14]} 12. Be2 {[%clk 01:06:32]} {[%emt 00:00:25]} b4 {[%clk
01:07:30]} {[%emt 00:01:38]} 13. Na4 {[%clk 01:06:30]} Be7 {[%clk 01:03:49]}
{[%emt 00:03:49]} 14. Bc4 {[%clk 01:01:27]} {[%emt 00:05:16]} Qa5 {[%clk
00:58:17]} {[%emt 00:15:40]} 15. b3 {[%clk 00:51:08]} {[%emt 00:01:21]} Rd8
{[%clk 00:56:58]} {[%emt 00:01:44]} 16. Bd2 {[%clk 00:43:08]} {[%emt 00:08:27]}
Nxd5 {[%clk 00:52:48]} {[%emt 00:05:13]} 17. Nd4 {[%clk 00:37:14]} {[%emt
00:06:27]} Bg6 {[%clk 00:47:23]} {[%emt 00:05:25]} 18. Rc1 {[%clk 00:34:00]}
{[%emt 00:04:11]} Ra7 {[%clk 00:45:31]} {[%emt 00:01:48]} 19. h4 {[%clk
00:30:51]} {[%emt 00:04:14]} h5 {[%clk 00:40:34]} {[%emt 00:04:56]} 20. g4
{[%clk 00:27:54]} {[%emt 00:03:21]} Nf6 {[%clk 00:39:59]} {[%emt 00:01:35]} 21.
g5 {[%clk 00:26:50]} {[%emt 00:01:05]} Ng4 {[%clk 00:35:19]} {[%emt 00:05:18]}
22. Be2 {[%clk 00:18:13]} {[%emt 00:09:00]} Ne5 {[%clk 00:33:20]} {[%emt
00:02:29]} 23. O-O {[%clk 00:16:43]} {[%emt 00:01:57]} Rad7 {[%clk 00:30:26]}
{[%emt 00:05:04]} 24. Kg2 {[%clk 00:10:27]} {[%emt 00:05:15]} Nd3 {[%clk
00:24:37]} {[%emt 00:06:46]} 25. Rc4 {[%clk 00:09:29]} {[%emt 00:01:01]} Rd5
{[%clk 00:24:36]} {[%emt 00:00:23]} 26. Bxd3 {[%clk 00:05:38]} {[%emt
00:04:29]} exd3 {[%clk 00:23:42]} {[%emt 00:01:15]} 27. f4 {[%clk 00:05:46]}
{[%emt 00:00:34]} Rxd4 {[%clk 00:19:26]} {[%emt 00:05:00]} 28. exd4 {[%clk
00:05:12]} {[%emt 00:00:38]} Be4+ {[%clk 00:18:32]} {[%emt 00:01:51]} 29. Kg3
{[%clk 00:05:27]} Qf5 {[%clk 00:16:10]} {[%emt 00:03:01]} 30. Qxh5 {[%clk
00:05:21]} {[%emt 00:00:27]} Bd5 {[%clk 00:16:26]} {[%emt 00:00:33]} 31. Re1
{[%clk 00:05:08]} {[%emt 00:00:52]} Nc6 {[%clk 00:13:55]} {[%emt 00:02:34]} 32.
Rxc6 {[%clk 00:04:22]} {[%emt 00:01:08]} Bxc6 {[%clk 00:14:24]} 33. Re5 {[%clk
00:04:01]} {[%emt 00:00:48]} Qd7 {[%clk 00:14:42]} {[%emt 00:00:28]} 34. d5
{[%clk 00:03:17]} {[%emt 00:01:12]} Bxa4 {[%clk 00:09:18]} {[%emt 00:06:16]} 35.
bxa4 {[%clk 00:03:46]} g6 {[%clk 00:09:45]} 36. Qf3 {[%clk 00:03:38]} {[%emt
00:00:34]} Bd6 {[%clk 00:10:02]} 37. Re3 {[%clk 00:03:04]} {[%emt 00:00:49]}
Qxa4 {[%clk 00:10:22]} {[%emt 00:00:14]} 38. h5 {[%clk 00:02:41]} {[%emt
00:01:19]} Qxa2 {[%clk 00:08:08]} {[%emt 00:02:25]} 39. Rxd3 {[%clk 00:02:44]}
{[%emt 00:00:41]} Qa1 {[%clk 00:07:55]} {[%emt 00:00:17]} 40. hxg6 {[%clk
00:02:30]} {[%emt 00:00:50]} fxg6 {[%clk 00:08:15]} {[%emt 00:00:07]} 0-1

[Event "Irwin/Haring/Denker/Barber/Rockefeller Championships 2021"]
[Site "Crowne Plaza Cherry Hill, United States"]
[Date "2021.07.31"]
[Round "1.4"]
[White "Panda, Asish"]
[Black "Liang, Awonder"]
[Result "0-1"]
[TimeControl "G/90;+30"]
[BlackTitle "GM"]
[WhiteElo "2026"]
[BlackElo "2674"]

1. e4 {[%clk 01:30:53]} {[%emt 00:01:07]} c5 {[%clk 01:30:12]} 2. Nf3 {[%clk
01:31:16]} d6 {[%clk 01:30:37]} {[%emt 00:00:04]} 3. d4 {[%clk 01:31:39]}
{[%emt 00:00:04]} cxd4 {[%clk 01:31:02]} {[%emt 00:00:06]} 4. Qxd4 {[%clk
01:32:04]} {[%emt 00:00:12]} Nf6 {[%clk 01:31:23]} {[%emt 00:00:13]} 5. e5
{[%clk 01:31:56]} {[%emt 00:00:28]} Nc6 {[%clk 01:31:34]} {[%emt 00:00:16]} 6.
Bb5 {[%clk 01:32:19]} {[%emt 00:00:09]} Qa5+ {[%clk 01:31:55]} {[%emt
00:00:30]} 7. Nc3 {[%clk 01:32:42]} Qxb5 {[%clk 01:32:19]} 8. Nxb5 {[%clk
01:33:06]} Nxd4 {[%clk 01:32:42]} {[%emt 00:00:10]} 9. Nbxd4 {[%clk 01:33:29]}
{[%emt 00:00:03]} dxe5 {[%clk 01:33:04]} {[%emt 00:00:52]} 10. Nxe5 {[%clk
01:33:54]} g6 {[%clk 01:33:00]} 11. Nb5 {[%clk 01:29:47]} {[%emt 00:04:37]} Nd5
{[%clk 01:32:00]} {[%emt 00:01:25]} 12. c4 {[%clk 01:29:32]} {[%emt 00:01:15]}
a6 {[%clk 01:31:56]} {[%emt 00:00:08]} 13. cxd5 {[%clk 01:29:38]} {[%emt
00:00:41]} axb5 {[%clk 01:32:24]} 14. O-O {[%clk 01:29:20]} {[%emt 00:00:39]}
Bg7 {[%clk 01:21:37]} {[%emt 00:11:21]} 15. Re1 {[%clk 01:28:14]} {[%emt
00:01:21]} Ra4 {[%clk 01:19:36]} {[%emt 00:02:41]} 16. Nf3 {[%clk 01:21:05]}
{[%emt 00:07:47]} h6 {[%clk 01:16:17]} {[%emt 00:03:31]} 17. Re2 {[%clk
01:07:03]} {[%emt 00:14:59]} Bf5 {[%clk 00:50:04]} {[%emt 00:26:42]} 18. Be3
{[%clk 00:58:41]} {[%emt 00:08:26]} Kd7 {[%clk 00:49:59]} {[%emt 00:00:37]} 19.
a3 {[%clk 00:46:10]} {[%emt 00:13:24]} Rc8 {[%clk 00:49:16]} {[%emt 00:01:01]}
20. Rae1 {[%clk 00:44:10]} {[%emt 00:02:16]} Rc2 {[%clk 00:48:20]} {[%emt
00:01:26]} 21. Rxc2 {[%clk 00:34:33]} {[%emt 00:10:51]} Bxc2 {[%clk 00:48:43]}
22. Rc1 {[%clk 00:32:29]} {[%emt 00:01:57]} Bd3 {[%clk 00:46:16]} {[%emt
00:02:57]} 23. Rd1 {[%clk 00:30:53]} {[%emt 00:02:44]} Bxb2 {[%clk 00:36:41]}
{[%emt 00:09:26]} 24. Rxd3 {[%clk 00:30:47]} {[%emt 00:00:46]} b4 {[%clk
00:37:06]} 25. Rd1 {[%clk 00:23:32]} {[%emt 00:07:44]} bxa3 {[%clk 00:37:28]}
{[%emt 00:00:23]} 26. Bc1 {[%clk 00:23:51]} Bxc1 {[%clk 00:36:49]} {[%emt
00:01:17]} 27. Rxc1 {[%clk 00:24:20]} a2 {[%clk 00:37:07]} 28. Ra1 {[%clk
00:24:45]} {[%emt 00:00:20]} Rb4 {[%clk 00:37:16]} {[%emt 00:00:14]} 29. Nd2
{[%clk 00:25:03]} {[%emt 00:00:10]} Rb2 {[%clk 00:37:42]} 0-1

[Event "Irwin/Haring/Denker/Barber/Rockefeller Championships 2021"]
[Site "Crowne Plaza Cherry Hill, United States"]
[Date "2021.07.31"]
[Round "1.5"]
[White "Yip, Carissa"]
[Black "Nguyen, Tinh Son"]
[Result "1-0"]
[TimeControl "G/90;+30"]
[WhiteTitle "IM"]
[WhiteElo "2506"]
[BlackElo "2019"]

1. Nf3 {[%clk 01:28:06]} {[%emt 00:03:11]} Nf6 {[%clk 01:30:56]} 2. g3 {[%clk
01:28:31]} g6 {[%clk 01:31:23]} 3. Bg2 {[%clk 01:28:54]} {[%emt 00:00:11]} Bg7
{[%clk 01:31:50]} 4. d4 {[%clk 01:29:11]} {[%emt 00:00:09]} O-O {[%clk
01:32:16]} {[%emt 00:00:30]} 5. b3 {[%clk 01:29:18]} d6 {[%clk 01:32:24]}
{[%emt 00:00:17]} 6. Bb2 {[%clk 01:29:34]} {[%emt 00:00:40]} Nc6 {[%clk
01:32:01]} {[%emt 00:00:27]} 7. c4 {[%clk 01:28:49]} {[%emt 00:01:15]} a6
{[%clk 01:32:25]} {[%emt 00:00:21]} 8. O-O {[%clk 01:28:45]} {[%emt 00:01:06]}
Rb8 {[%clk 01:32:44]} 9. Nbd2 {[%clk 01:26:54]} {[%emt 00:01:48]} b5 {[%clk
01:24:39]} {[%emt 00:08:48]} 10. Rc1 {[%clk 01:27:16]} Na5 {[%clk 01:20:23]}
{[%emt 00:05:00]} 11. cxb5 {[%clk 01:23:18]} {[%emt 00:04:05]} axb5 {[%clk
01:20:46]} {[%emt 00:00:31]} 12. Qc2 {[%clk 01:21:52]} {[%emt 00:02:18]} Ne8
{[%clk 01:08:37]} {[%emt 00:11:52]} 13. b4 {[%clk 01:19:08]} {[%emt 00:03:15]}
Nb7 {[%clk 01:08:26]} {[%emt 00:01:40]} 14. d5 {[%clk 01:19:16]} e5 {[%clk
01:04:22]} {[%emt 00:03:56]} 15. dxe6 {[%clk 01:17:41]} {[%emt 00:02:05]} Bxe6
{[%clk 01:02:46]} {[%emt 00:02:12]} 16. Bxg7 {[%clk 01:18:06]} {[%emt
00:00:19]} Kxg7 {[%clk 01:03:07]} 17. Nd4 {[%clk 01:18:34]} Bd7 {[%clk
01:01:14]} {[%emt 00:02:26]} 18. Nc6 {[%clk 01:18:08]} {[%emt 00:00:46]} Bxc6
{[%clk 00:59:07]} {[%emt 00:03:09]} 19. Bxc6 {[%clk 01:18:30]} Qg5 {[%clk
00:58:08]} {[%emt 00:01:21]} 20. Ne4 {[%clk 01:16:54]} {[%emt 00:02:00]} Qe5
{[%clk 00:56:02]} {[%emt 00:02:34]} 21. Rfd1 {[%clk 01:17:21]} Nf6 {[%clk
00:49:07]} {[%emt 00:07:16]} 22. f4 {[%clk 01:16:46]} {[%emt 00:01:35]} Qf5
{[%clk 00:47:42]} {[%emt 00:02:03]} 23. Qb2 {[%clk 01:12:17]} {[%emt 00:05:10]}
Nd8 {[%clk 00:43:57]} {[%emt 00:04:03]} 24. Bd5 {[%clk 01:12:41]} Re8 {[%clk
00:42:26]} {[%emt 00:01:36]} 25. Nf2 {[%clk 01:10:00]} {[%emt 00:03:11]} Rxe2
{[%clk 00:22:54]} {[%emt 00:20:40]} 26. Qxe2 {[%clk 01:08:58]} {[%emt
00:00:50]} Nxd5 {[%clk 00:23:20]} {[%emt 00:00:03]} 27. Qb2+ {[%clk 01:06:39]}
{[%emt 00:03:12]} Kg8 {[%clk 00:23:20]} {[%emt 00:00:10]} 28. Rxd5 {[%clk
01:06:57]} {[%emt 00:00:39]} Qxd5 {[%clk 00:23:42]} 29. Ng4 {[%clk 01:07:25]}
Qe6 {[%clk 00:21:46]} 30. Nh6+ {[%clk 01:07:44]} {[%emt 00:02:30]} 1-0